MDQL
is popping MORE tags! Check the
thread
!
Quizzes
Events
Quiz Creation
Community
Videos
Private Events
Remove Ads
Sign In
Join for FREE
Feedback
Dark Mode
Quiz Categories
Sports
Geography
Music
Movies
Television
Just For Fun
Miscellaneous
History
Literature
Language
Science
Gaming
Entertainment
Religion
Holiday
For Kids
Quiz Lab
Recent
Popular Today
Quiz Kudos Today
Editor Picks
Curator Picks
Quizzes by...
Day
Popularity
Type
Ratings
Length
Year
Community
Subscriptions
Recent Discussions
Orange Saloon
Badges
Playlists
Quests
Create
Leaderboards
Showdown
Live 5
Trivia Bingo
Activity
Puzzle Library
Sporcle Events
Private Events
Virtual Trivia
Globe League
Become a Host
Pub Owners
SporcleCon
Opinionation
Our Games
Videos
Blog
Mobile Apps
Partnerships
Remove Ads and Go Orange
Feedback
Entertainment
Celebrity
Famous
Musical
Broadway
Show
Quote
Comic Books
Anime
Superhero
DC Comics
Marvel
Cartoons
Animation
Entertainment
Celebrity
Famous
Musical
Broadway
Show
Quote
Comic Books
Anime
Superhero
DC Comics
Marvel
Cartoons
Animation
Random Quiz
Search Sporcle
×
Editor Pick
Editor Pick
Entertainment
This or That
Type in answers that appear in a list
Type in answers that appear in a list
Classic
Best Score? Go Orange.
Paris Hilton or Nicole Richie? Stats
Can you name whether the following quote was said by Paris Hilton or by Nicole Richie?
By
Spacemaniac
5m
20 Questions
529 Plays
529 Plays
529 Plays
Comments
Comments
Give Quiz Kudos
Give Quiz Kudos
-
- Ratings
hide this ad
More Info
Forced Order
Answers have to be entered in order
Answers have to be entered in order
Wrong Answers
Some wrong answers will appear in red
Some wrong answers will appear in red
Random Order
Randomize order of answers
Randomize order of answers
Replay
Link that replays current quiz
Next Quiz
Link to next quiz in quiz playlist
You Got
0%
They Got
Avg Score
57%
Avg Friend Score
Upgrade to see
Score Distribution
Jump to the score distribution portion of the page
Score
0/20
Timer
05:00
0
Plays Today
Quote
H or R?
% Correct
A true heiress is never mean to anyone -
except a girl who steals your boyfriend.
???
76.7%
This is Earth. Isn't it hot?
???
75.6%
Wal-
Mart… do they like make walls there?
???
74.9%
You don't have to be an heiress to look like one, if you act like one then everyone will just presume you are one.
???
74.3%
I don't really think, I just walk.
???
73.7%
Some girls are just born with glitter in their veins.
???
71.3%
The 'Backstreet Boys' were so ten years ago. Whatever.
???
68.4%
I'm the nicest, most loyal person in the world when it comes to my friends.
???
66.9%
I've made all my money on my own without my family and I work very hard.
???
61.6%
It is important not to copy other people's careers but set the tone of who you want to be. My father's always encouraged me to do that.
???
56.3%
Quote
H or R?
% Correct
My job ranges from creating the initial overall theme of the season to developing fabrics and sketching to sampling and fitting.
???
52.7%
I admire anyone with their own sense of personal style.
???
52.6%
You have to be comfortable in what you're wearing.
???
51.4%
You can see it right away when a person is dressing outside of who she is.
???
50.5%
I believe that fashion is the ultimate form of self expression therefore it really depends on my mood.
???
47.4%
I think I look okay.
???
47.3%
I never want to dissapoint my parents, ever. They are people that I always look up to.
???
42.2%
Anytime I am around a male body part it is kind of exciting.
???
42%
I have really great friends.
???
40.3%
I will be really happy once I have done my jail time. I can start fresh.
???
29.3%
Quiz Playlist
Details
Report
Send in Message
Add To Playlist
More Info:
Enter H for Paris Hilton, and R for Nicole Richie.
Classic:
Type in answers that appear in a list
Forced Order:
Answers have to be entered in order
Wrong Answers:
Some wrong answers will appear in red
Random Order:
Randomize order of answers
Quiz Source
Last Updated: Feb 16, 2017
Editor Pick in
Entertainment
Quiz Scoreboard
CHALLENGE
Sign Up to Join the Scoreboard
Show All
Scores
Hide
Comments
May contain spoilers
Recently Published
1-10 Letter E Words III
by El_Dandy
Language
2m
Street Fighter Characters
by Artimus82
Gaming
60s
College Basketball Coaching Resumes
by pancakes188
Sports
9m
More to Explore
Quiz From the Vault
Featured Blog Post
Where Did the Easter Bunny Come From?
hide this ad
You Might Also Like...
Tags
Celebrity Quiz
Famous Quiz
Quote Quiz
This or That Quiz
Either
hilton
nicole
pari
richie
Today's Top Quizzes in Entertainment
Browse Entertainment
hide this ad
Today's Top Quizzes in This or That
Browse This or That
Top Contributed Quizzes in Entertainment
1
7-to-1: DC Comics Villains
2
Marvel Characters Bunker
3
Dragon Ball Z: Goku's Fights in Order
4
Eurovision 2023 Logic Puzzle
5
Sorting Pictures: Villains
6
Criteria Quickie: Cartoon Taxonomy II
7
7-to-1: One Piece
8
Mini Trivia Sudoku: Musicals
9
One Piece Characters Order of Appearance
10
Click the Cartoon Scott
Explore More
Trending Topics
Marvel
Anime
Disney
Harry Potter
NBA
Kpop
Crossword
The Office
Country
WWE
Puzzle
Song
Pokémon
Soccer
NFL
hide this ad
More By:
Spacemaniac
Quiz
Plays
Rating
Category
Featured
Created
Poker Hands: Best to Worst
428,236
4.23
Gaming
May 21, 2013
Progressively Harder US States by Outline
248,339
4.03
Geography
Jul 1, 2013
Most Populous Cities Per State by Any 3 Letters
152,647
4.76
Geography
Jan 26, 2013
Follow That Line: Titanic
139,433
4.34
Movies
Dec 7, 2012
Africa by Any 3 Letters
138,199
4.53
Geography
Mar 17, 2013
Go to Creator's Profile
Score Distribution
Quiz Creator Spotlight
Spacemaniac
Follow
Send a Message
Quizzes Created
-
Created Quiz Play Count
-
More By This Creator
Popular Quizzes Today
1
Find the US States - No Outlines Minefield
2
Find the Countries of Europe - No Outlines Minefield
3
The Countries of the World
4
Find the US States
5
Risky Map Clicking: Biggest States A-Z
6
US States
7
Popular People in 1961
8
Movies - When Are They Set?
More Entertainment Quizzes
Most Iconic Wrestlers
Quiz Lab
Trending Quizzes
Risky Map Clicking: Least Populous States A-Z
1-10 Letter G Words
1-10 Letter F Words
Countries of the World: 200 Million BC
Risky Map Clicking: Next State Alphabetically
Recently Updated
Beyoncé Albums
pecheneg
Leaping Animals
pecheneg
Reality TV Shows (A-Z)
bhenderson79
Rickey Henderson's Hall of Fame Teammates
pecheneg
Champions League XIs: Arsenal
pecheneg
Quick Pick: Celebrities in WWE's Hall of Fame
aduchscher
A-Z Keypad Blitz II
pecheneg
Multiple Oscar Actors
pecheneg
Mystery Phrase Blitz: Oscar 'Best Actors'
pecheneg
F. Scott Fitzgerald Novels
LTH
Trending Topics
Disney
Harry Potter
Kpop
Anime
Marvel
NBA
Crossword
Song
Country
Puzzle
WWE
The Office
Pokémon
Soccer
NFL
Your Account Isn't Verified!
In order to create a playlist on Sporcle, you need to verify the email address you used during registration. Go to your
Sporcle Settings
to finish the process.
Report this User
Report this user for behavior that violates our
Community Guidelines
.
Details:
Send Report
Go to the Sporcle.com Mobile Site →
Comments